Recalcitrant seeds : a status report /
Guardado en:
| Autor Principal: | |
|---|---|
| Autor Corporativo: | |
| Formato: | Libro |
| Idioma: | English |
| Publicado: |
Rome :
IBPGRI,
1988.
|
| Etiquetas: |
Agregar Etiqueta
Sin Etiquetas, Sea el primero en etiquetar este registro!
|
| LEADER | 00468nam a22001455a 4500 | ||
|---|---|---|---|
| 001 | EEA.libagro004440 | ||
| 005 | 20181120105049.0 | ||
| 008 | 130809s1988####it#a##########000#0#eng#d | ||
| 082 | 0 | 4 | |a 631.521 |
| 100 | 1 | |a Chin, H. F. | |
| 245 | 1 | 0 | |a Recalcitrant seeds : |b a status report / |c H.F. Chin. |
| 260 | |a Rome : |b IBPGRI, |c 1988. | ||
| 300 | |a 28 p. : |b il. ; |c 25 cm. | ||
| 710 | 2 | |a International Board for Plant Genetic Resources. | |
| 859 | |a AR-BbBCA |b BIB. AGRONOMIA |h 631.521 |i C589 |p 1991/1683 | ||
